Picturescape / (Record no. 7355)

MARC details
000 -LEADER
fixed length control field 01133nam a22002417a 4500
001 - CONTROL NUMBER
control field 7355
003 - CONTROL NUMBER IDENTIFIER
control field FISKH
005 - DATE AND TIME OF LATEST TRANSACTION
control field 20250807114355.0
008 - FIXED-LENGTH DATA ELEMENTS--GENERAL INFORMATION
fixed length control field 250710b cb ||||| |||| 00| 0 eng d
020 ## - INTERNATIONAL STANDARD BOOK NUMBER
International Standard Book Number 9781894965651
040 ## - CATALOGING SOURCE
Original cataloging agency FISKH
Language of cataloging eng
Transcribing agency FISKH
Modifying agency FISKH
050 ## - LIBRARY OF CONGRESS CALL NUMBER
Classification number PZ7
082 ## - DEWEY DECIMAL CLASSIFICATION NUMBER
Classification number 707
100 ## - MAIN ENTRY--PERSONAL NAME
Personal name Gutierrez, Elisa
245 ## - TITLE STATEMENT
Title Picturescape /
Statement of responsibility, etc. Elisa Gutierrez
260 ## - PUBLICATION, DISTRIBUTION, ETC.
Place of publication, distribution, etc. Vancouver :
Name of publisher, distributor, etc. Simply Read Books,
Date of publication, distribution, etc. 2005.
300 ## - PHYSICAL DESCRIPTION
Extent 40 unnumbered pages :
Other physical details color illustrations ;
Dimensions 25 x 27 cm
505 ## - FORMATTED CONTENTS NOTE
Formatted contents note NP<br/>
520 ## - SUMMARY, ETC.
Summary, etc. When a young boy visits the local art gallery, he is whisked away on a cross-country Canadian journey as he moves from painting to painting. Each collage image in this magical book was created with colored pencils and cut paper and inspired by some of the most beloved Canadian artists. Referenced are Emily Carr, Tom Thomson, J.E.MacDonald, David Blackwood, Alex Colville, Ivan Eyre, Lawrence Harris, E.J. Hughes, William Kurelek, J.P.Lemieux, Christopher Pratt, and Gaugnet.
650 ## - SUBJECT ADDED ENTRY--TOPICAL TERM
Topical term or geographic name entry element Picture book
Form subdivision Children's book
General subdivision Creativity
Chronological subdivision Aart museums
942 ## - ADDED ENTRY ELEMENTS (KOHA)
Source of classification or shelving scheme Dewey Decimal Classification
Koha item type Books
Suppress in OPAC No
Holdings
Withdrawn status Lost status Source of classification or shelving scheme Damaged status Not for loan Collection Home library Current library Shelving location Date acquired Total Checkouts Full call number Barcode Date last seen Date last checked out Copy number Price effective from Koha item type
    Dewey Decimal Classification     Juvenile Fiction Footprints International School Library Network Toul Kork Campus Footprints International School Library Network Toul Kork Campus TK Primary Library Room(4th Floor), Bookcase 7, Shelves 57-60, Dark Green Books 07/10/2025 1 GUT 707 PZ7 FISTK02183 01/05/2026 11/10/2025 1 07/10/2025 Books
    Dewey Decimal Classification     Juvenile Fiction Footprints International School Library Network Toul Tom Poung Campus Footprints International School Library Network Toul Tom Poung Campus TTP Primary Green Bookshelves 07/29/2025   GUT 707 PZ7 FIS03305 07/29/2025   2 07/29/2025 Books